Impact of Intangibles on Firm Value: an Empirical Evidence from European Public Companies
Analýza hodnoty významnosti nehmotných aktív vyjadrených výdavkami na výskum a vývoj a nehmotným fixným majetkom na hodnotu verejne obchodovaných spoločností. S použitím regresného prístupu pre 1520 pozorovaní v rokoch 2011 až 2015 bolo zistené, že výdavky na výskum a vývoj môžu výrazne vysvetliť t...
Salvato in:
| Autore principale: | |
|---|---|
| Altri autori: | |
| Natura: | Capitolo di libro |
| Lingua: | inglese |
| Soggetti: | |
| Tags: |
Nessun Tag, puoi essere il primo ad aggiungerne!!
|
MARC
| LEADER | 00000naa a2200000 4500 | ||
|---|---|---|---|
| 001 | 0246856 | ||
| 005 | 20221104111322.7 | ||
| 041 | 0 | |a eng | |
| 044 | |a SK | ||
| 245 | 1 | 0 | |a Impact of Intangibles on Firm Value: an Empirical Evidence from European Public Companies |c Jozef Glova, Silvia Mrázková |
| 520 | |a Analýza hodnoty významnosti nehmotných aktív vyjadrených výdavkami na výskum a vývoj a nehmotným fixným majetkom na hodnotu verejne obchodovaných spoločností. S použitím regresného prístupu pre 1520 pozorovaní v rokoch 2011 až 2015 bolo zistené, že výdavky na výskum a vývoj môžu výrazne vysvetliť trhové hodnoty vybraných spoločností. Výsledky analýzy naznačujú zrýchlený nárast firemnej hodnoty so zvýšením výdavkov na výskum a vývoj vo vzťahu k ostatným regresorom. | ||
| 610 | 2 | 0 | |a aktíva nehmotné |
| 610 | 2 | 0 | |a výskum |
| 610 | 2 | 0 | |a analýza regresná |
| 610 | 2 | 0 | |a vývoj |
| 610 | 2 | 0 | |a výdavky na vedu a výskum |
| 100 | 1 | |a Glova, Jozef | |
| 700 | 1 | |a Mrázková, Silvia | |